Statistics for Baseball Uniform Numbers (MLB)

Click here to take the quiz!

General Stats

  • This quiz has been taken 411 times
    (410 since last reset)
  • The average score is 13 of 36

Answer Stats

Player#% Correct
Babe Ruth3
98%
Mike Trout27
90%
Bryce Harper34
76%
Manny Machado13
64%
Clayton Kershaw22
64%
Hank Aaron44
59%
Willie Mays24
55%
Barry Bonds25
55%
Mickey Mantle7
51%
Ted Williams9
50%
Lou Gehrig4
46%
Carlos Correa1
44%
Mookie Betts50
40%
Kris Bryant17
39%
Ty Cobb6
36%
Joey Votto19
35%
Francisco Lindor12
34%
Buster Posey28
34%
Roger Clemens21
32%
Jose Fernandez16
31%
Joe DiMaggio5
30%
Chris Sale49
26%
Randy Johnson51
25%
Greg Maddux31
22%
Madison Bumgarner40
20%
Joe Morgan8
16%
Mike Schmidt20
15%
Russell Martin55
15%
Matt Harvey33
14%
A.J. Pollock11
11%
Tom Seaver41
11%
Dallas Keuchel60
10%
Sonny Gray54
6%
Honus Wagner39
5%
Cy Young36
3%
Walter Johnson71
3%

Score Distribution

Percentile by Number Answered

Percent of People with Each Score

Your Score History

You have not taken this quiz since the last reset